<?xml version="1.0" encoding="UTF-8"?>
<record
    xmlns:xsi="http://www.w3.org/2001/XMLSchema-instance"
    xsi:schemaLocation="http://www.loc.gov/MARC21/slim http://www.loc.gov/standards/marcxml/schema/MARC21slim.xsd"
    xmlns="http://www.loc.gov/MARC21/slim">

  <leader>00482nam a22001577a 4500</leader>
  <controlfield tag="005">20251121114619.0</controlfield>
  <controlfield tag="008">251121b        |||||||| |||| 00| 0 eng d</controlfield>
  <datafield tag="020" ind1=" " ind2=" ">
    <subfield code="a">979-8-88715-309-4</subfield>
  </datafield>
  <datafield tag="100" ind1=" " ind2=" ">
    <subfield code="a">KINGSTON, RICK TED</subfield>
  </datafield>
  <datafield tag="245" ind1=" " ind2=" ">
    <subfield code="a">PEST MANAGEMENT</subfield>
    <subfield code="b">PRINCIPLES AND PRACTICES</subfield>
  </datafield>
  <datafield tag="260" ind1=" " ind2=" ">
    <subfield code="a">DUBLIN</subfield>
    <subfield code="b">ORYSON PRESS</subfield>
    <subfield code="c">2024</subfield>
  </datafield>
  <datafield tag="300" ind1=" " ind2=" ">
    <subfield code="a">VII, 272P.</subfield>
  </datafield>
  <datafield tag="500" ind1=" " ind2=" ">
    <subfield code="a">INCLUDES INDEX</subfield>
  </datafield>
  <datafield tag="650" ind1=" " ind2=" ">
    <subfield code="a">1.PESTCONTROL 2. INTEGRATED PEST MANAGEMENT 3. AGRICULTURAL PESTS- CONTROL</subfield>
  </datafield>
  <datafield tag="942" ind1=" " ind2=" ">
    <subfield code="2">lcc</subfield>
    <subfield code="c">BK</subfield>
  </datafield>
  <datafield tag="999" ind1=" " ind2=" ">
    <subfield code="c">216252</subfield>
    <subfield code="d">216252</subfield>
  </datafield>
  <datafield tag="952" ind1=" " ind2=" ">
    <subfield code="0">0</subfield>
    <subfield code="1">0</subfield>
    <subfield code="2">lcc</subfield>
    <subfield code="4">0</subfield>
    <subfield code="6">SB0950 K56  02024</subfield>
    <subfield code="7">0</subfield>
    <subfield code="8">SCT</subfield>
    <subfield code="9">373570</subfield>
    <subfield code="a">KSUL</subfield>
    <subfield code="b">KSUL</subfield>
    <subfield code="c">DISPLAY</subfield>
    <subfield code="d">2025-11-21</subfield>
    <subfield code="i">110019</subfield>
    <subfield code="l">0</subfield>
    <subfield code="o">SB 950 .K56 2024</subfield>
    <subfield code="p">000000000412</subfield>
    <subfield code="r">2025-11-21 11:47:53</subfield>
    <subfield code="t">C.1</subfield>
    <subfield code="w">2025-11-21</subfield>
    <subfield code="y">BK</subfield>
  </datafield>
  <datafield tag="952" ind1=" " ind2=" ">
    <subfield code="0">0</subfield>
    <subfield code="1">0</subfield>
    <subfield code="2">lcc</subfield>
    <subfield code="4">0</subfield>
    <subfield code="6">SB0950 K56  02024</subfield>
    <subfield code="7">0</subfield>
    <subfield code="8">SCT</subfield>
    <subfield code="9">373571</subfield>
    <subfield code="a">KSUL</subfield>
    <subfield code="b">KSUL</subfield>
    <subfield code="c">DISPLAY</subfield>
    <subfield code="d">2025-11-21</subfield>
    <subfield code="i">110020</subfield>
    <subfield code="l">0</subfield>
    <subfield code="o">SB 950 .K56 2024</subfield>
    <subfield code="p">000000000413</subfield>
    <subfield code="r">2025-11-21 11:47:00</subfield>
    <subfield code="t">C.2</subfield>
    <subfield code="w">2025-11-21</subfield>
    <subfield code="y">BK</subfield>
  </datafield>
  <datafield tag="952" ind1=" " ind2=" ">
    <subfield code="0">0</subfield>
    <subfield code="1">0</subfield>
    <subfield code="2">lcc</subfield>
    <subfield code="4">0</subfield>
    <subfield code="6">SB0950 K56  02024</subfield>
    <subfield code="7">0</subfield>
    <subfield code="8">SCT</subfield>
    <subfield code="9">373572</subfield>
    <subfield code="a">KSUL</subfield>
    <subfield code="b">KSUL</subfield>
    <subfield code="c">DISPLAY</subfield>
    <subfield code="d">2025-11-21</subfield>
    <subfield code="i">110021</subfield>
    <subfield code="l">0</subfield>
    <subfield code="o">SB 950 .K56 2024</subfield>
    <subfield code="p">000000001966</subfield>
    <subfield code="r">2025-11-21 11:47:00</subfield>
    <subfield code="t">C.3</subfield>
    <subfield code="w">2025-11-21</subfield>
    <subfield code="y">BK</subfield>
  </datafield>
  <datafield tag="952" ind1=" " ind2=" ">
    <subfield code="0">0</subfield>
    <subfield code="1">0</subfield>
    <subfield code="2">lcc</subfield>
    <subfield code="4">0</subfield>
    <subfield code="6">SB0950 K56  02024</subfield>
    <subfield code="7">0</subfield>
    <subfield code="8">SCT</subfield>
    <subfield code="9">373573</subfield>
    <subfield code="a">KSUL</subfield>
    <subfield code="b">KSUL</subfield>
    <subfield code="c">DISPLAY</subfield>
    <subfield code="d">2025-11-21</subfield>
    <subfield code="i">110022</subfield>
    <subfield code="l">0</subfield>
    <subfield code="o">SB 950 .K56 2024</subfield>
    <subfield code="p">000000001965</subfield>
    <subfield code="r">2025-11-21 11:47:00</subfield>
    <subfield code="t">C.4</subfield>
    <subfield code="w">2025-11-21</subfield>
    <subfield code="y">BK</subfield>
  </datafield>
</record>
